Cardiovascular responses to static and isodynamic exercise with similar muscle masses /

Bibliographic Details
Main Author: Gretebeck, Randall
Format: Thesis Microform Book
Language:English
Published: [Place of publication not identified] : [publisher not identified] ; 1986.
Subjects:

MARC

Tag First Indicator Second Indicator Subfields
LEADER 00000cam a2200000 a 4500
001 in00000771221
005 20151017052114.0
007 he bmb|||||||
008 881109r19881986orua bb 00010 eng d
035 |a (OCoLC)18726708 
035 |9 ADK8840AM 
040 |a ORU  |c OSU  |d OSU  |d HPE  |d TXA  |d UtOrBLW 
049 |a TXAI 
099 |a fiche  |a C  |a 11130 
100 1 |a Gretebeck, Randall. 
245 1 0 |a Cardiovascular responses to static and isodynamic exercise with similar muscle masses /  |c by Randall Gretebeck. 
264 1 |a [Place of publication not identified] :  |b [publisher not identified] ;  |c 1986. 
300 |a vi, 70 leaves :  |b illustrations 
336 |a text  |b txt  |2 rdacontent 
337 |a microform  |b h  |2 rdamedia 
338 |a microfiche  |b he  |2 rdacarrier 
502 |b M.S.  |c Madison  |d 1986. 
504 |a Bibliography: leaves 60-64. 
533 |a Microfiche.  |b Eugene :  |c Microform Publications, College of Human Development and Performance, University of Oregon,  |d 1988.  |e 1 microfiche : negative ; 11 x 15 cm. 
500 |a Microform. 
650 0 |a Hemodynamics. 
650 0 |a Exercise  |x Physiological aspects  |x Comparative studies. 
650 0 |a Arm  |x Muscles. 
650 0 |a Leg  |x Muscles. 
999 |a MARS 
999 f f |s 16a6e163-73cb-3bf2-87de-9972db17e0c8  |i 4e800533-5502-3607-b311-deeb5db84d12  |t 0 
952 f f |p default  |a Texas A&M University  |b College Station  |c Sterling C. Evans Library  |d Evans: Microforms (3rd floor)  |t 0  |e fiche C 11130  |h Other scheme  |i microform -- microfiche 
998 f f |a fiche C 11130  |t 0  |l Evans: Microforms (3rd floor)